Studies on a newer process of purification of a vegetable oil and its utilization as factice (Record no. 69541)

MARC details
000 -LEADER
fixed length control field 00446nam a2200157Ia 4500
100 ## - MAIN ENTRY--AUTHOR NAME
Personal name Nag A
245 #0 - TITLE STATEMENT
Title Studies on a newer process of purification of a vegetable oil and its utilization as factice
260 ## - PUBLICATION, DISTRIBUTION, ETC. (IMPRINT)
Name of publisher Kautschuk Gummi Kunststoffe
Year of publication 2006
300 ## - PHYSICAL DESCRIPTION
Number of Pages 322-327
650 ## - SUBJECT ADDED ENTRY--TOPICAL TERM
Topical Term Cgarred saw dust
650 ## - SUBJECT ADDED ENTRY--TOPICAL TERM
Topical Term Factice
650 ## - SUBJECT ADDED ENTRY--TOPICAL TERM
Topical Term Vegetable oil
700 ## - ADDED ENTRY--PERSONAL NAME
Personal name Haldar S K
942 ## - ADDED ENTRY ELEMENTS (KOHA)
Koha item type Journals
Holdings
Withdrawn status Lost status Damaged status Not for loan Home library Current library Shelving location Date acquired Serial Enumeration / chronology Koha item type
      Journals RRII Library RRII Library Rubber chemistry 31/08/2006 Volume 59, Issue 6 Journals